|
|
|
|
| LEADER |
00000nam0a2200000 4500 |
| 001 |
290509 |
| 005 |
20231102000308.0 |
| 010 |
|
|
|a 9785829116163
|
| 035 |
|
|
|a (RuTPU)RU\TPU\book\315059
|
| 090 |
|
|
|a 290509
|
| 100 |
|
|
|a 20150407d2014 m y0rusy50 ca
|
| 101 |
0 |
|
|a rus
|
| 102 |
|
|
|a RU
|
| 105 |
|
|
|a a j 001zy
|
| 200 |
1 |
|
|a Географические информационные системы в тематической картографии
|e учебное пособие для вузов
|f В. П. Раклов
|
| 210 |
|
|
|a Москва
|c Академический проект
|d 2014
|
| 215 |
|
|
|a 176 с.
|c ил.
|
| 225 |
1 |
|
|a Учебное пособие для вузов
|
| 225 |
1 |
|
|a Gaudeamus
|
| 320 |
|
|
|a Библиогр.: с. 150.
|
| 320 |
|
|
|a Глоссарий: с. 151-176.
|
| 330 |
|
|
|a В учебном пособии рассматриваются основные вопросы организации взаимодействия и функциональные возможности ГИС, даются определения основных терминов и рекомендации по выбору различных ГИС. Подробно освещаются технологические вопросы создания электронных карт с использованием ГИС-технологий в средах Maplnfo и ArcView при производстве кадастровых работ, для охраны окружающей среды и мониторинга земель. Первое издание пособия (2004 г.) было удостоено Диплома 1-й степени на Всероссийском смотре «Лучшая аграрная книга». Адресуется студентам и преподавателям вузов, специализирующимся в области геодезии и картографии, а также специалистам по земельному и городскому кадастру и мониторингу окружающей среды.
|
| 606 |
1 |
|
|a Географические информационные системы (ГИС)
|2 stltpush
|3 (RuTPU)RU\TPU\subj\71469
|9 85365
|
| 606 |
1 |
|
|a Картография
|2 stltpush
|3 (RuTPU)RU\TPU\subj\39381
|9 59494
|
| 610 |
1 |
|
|a ГИС
|
| 610 |
1 |
|
|a тематические карты
|
| 610 |
1 |
|
|a природные ресурсы
|
| 610 |
1 |
|
|a классификация
|
| 610 |
1 |
|
|a картографическая информация
|
| 610 |
1 |
|
|a технология
|
| 610 |
1 |
|
|a разработка
|
| 610 |
1 |
|
|a компоновка
|
| 610 |
1 |
|
|a кадастры
|
| 610 |
1 |
|
|a применение
|
| 610 |
1 |
|
|a учебные пособия
|
| 675 |
|
|
|a 911.5/.9(075.8)
|v 4
|
| 675 |
|
|
|a 528.9(075.8)
|v 4
|
| 700 |
|
1 |
|a Раклов
|b В. П.
|
| 801 |
|
1 |
|a RU
|b 63413507
|c 20150407
|
| 801 |
|
2 |
|a RU
|b 63413507
|c 20151005
|g RCR
|
| 900 |
|
|
|a Географические и земельно-информационные системы
|
| 900 |
|
|
|a Картография
|
| 942 |
|
|
|c BK
|
| 951 |
|
|
|l 8
|
| 959 |
|
|
|a 40/20150410
|d 3
|e 320,00
|f ЧЗТЛ:1
|f УФ:2
|
| 959 |
|
|
|a 84/20150605
|d 3
|e 320,00
|f ЧЗТЛ:1
|f УФ:2
|